UZAYIN DERİN KARANLIĞI (Record no. 1165433)

MARC details
000 -LEADER
sabit uzunluktaki kontrol alanı 00260nam a2200097Ia 4500
001 - KONTROL NUMARASI
kontrol alanı 1165433
005 - EN SON İŞLEMİN TARİH VE ZAMANI
kontrol alanı 20250827011740.0
008 - SABİT-UZUNLUKTA VERİ ÖĞELERİ--GENEL BİLGİ
sabit uzunluktaki kontrol alanı 250824s9999 xx 000 0 und d
245 #0 - ESER / YAZAR
ESER ADI UZAYIN DERİN KARANLIĞI
Yazar Adı BARIŞ TOPRAK
260 ## - YAYIN, DAĞITIM, VB.
YAYIN EVİ FİHRİST KİTAP YAYINLARI
Holdings
Düşüm durumu Kayıp durumu Hasar Durumu Ödünç verilmez Ana kütüphane Geçerli Kütüphane Edinilen tarih Toplam ödünç verme sayısı Barkod Son görüntüleme tarihi Fiyatın geçerli olmaya başladığı tarih Koha materyal türü
        GAZİ MESLEKİ VE TEKNİK ANADOLU LİSESİ GAZİ MESLEKİ VE TEKNİK ANADOLU LİSESİ 24.08.2025   10449152 05.03.2026 27.08.2025 Books